Communications receivers : DSP, software radios, and design /
Đã lưu trong:
| Tác giả chính: | |
|---|---|
| Tác giả khác: | |
| Định dạng: | Sách giấy |
| Được phát hành: |
New York :
McGraw-Hill,
2001
|
| Phiên bản: | 3rd ed |
| Những chủ đề: | |
| Truy cập trực tuyến: | Table of contents Publisher description |
| Các nhãn: |
Thêm thẻ
Không có thẻ, Là người đầu tiên thẻ bản ghi này!
|
| Thư viện lưu trữ: | Thư viện Trường Đại học Đà Lạt |
|---|
| LEADER | 01159nam a2200361 4500 | ||
|---|---|---|---|
| 001 | DLU030023562 | ||
| 005 | ##20030425143625.0 | ||
| 008 | ##001222s2001 nyua b 001 0 eng | ||
| 010 | # | # | |a 00069549 |
| 020 | # | # | |a 0071361219 |
| 040 | # | # | |a DLC |c DLC |d DLC |
| 042 | # | # | |a pcc |
| 050 | # | # | |a TK6563 |b .R5723 2001 |
| 082 | # | # | |a 621.384 |b RO-U |
| 100 | # | # | |a Rohde, Ulrich L. |
| 245 | # | # | |a Communications receivers : |b DSP, software radios, and design / |c Ulrich L. Rohde, Jerry C. Whitaker |
| 250 | # | # | |a 3rd ed |
| 260 | # | # | |a New York : |b McGraw-Hill, |c 2001 |
| 300 | # | # | |a xv, 712 p. : |b ill. ; |c 24 cm |
| 504 | # | # | |a Includes bibliographical references and index. |
| 650 | # | # | |a Radio |x Receivers and reception |x Design and construction |
| 700 | # | # | |a Whitaker, Jerry C. |
| 856 | # | # | |3 Table of contents |u http://www.loc.gov/catdir/toc/mh021/00069549.html |
| 856 | # | # | |3 Publisher description |u http://www.loc.gov/catdir/description/mh021/00069549.html |
| 992 | # | # | |a 24.95 |
| 994 | # | # | |a DLU |
| 900 | # | # | |a True |
| 911 | # | # | |a Thái Thị Thanh Thủy |
| 925 | # | # | |a G |
| 926 | # | # | |a A |
| 927 | # | # | |a SH |
| 980 | # | # | |a Thư viện Trường Đại học Đà Lạt |


